El modernismo : su filosofía. Su estética. Su técnica /
Uloženo v:
| Hlavní autor: | |
|---|---|
| Médium: | Neznámo |
| Jazyk: | Spanish |
| Vydáno: |
Argentina :
Editorial Porrúa, S. A.,
1972.
|
| Vydání: | 2. edición |
| Témata: | |
| Tagy: |
Přidat tag
Žádné tagy, Buďte první, kdo vytvoří štítek k tomuto záznamu!
|
MARC
| LEADER | 000000000a22000000004500 | ||
|---|---|---|---|
| 001 | 010814 | ||
| 041 | 0 | |a spa | |
| 082 | 0 | 4 | |a 809 |b V432m |
| 100 | 1 | |a Vela, Arqueles | |
| 245 | 1 | 3 | |a El modernismo : |b su filosofía. Su estética. Su técnica / |c Arqueles Vela. |
| 250 | |a 2. edición | ||
| 260 | 1 | |a Argentina : |b Editorial Porrúa, S. A., |c 1972. | |
| 300 | |a 273 páginas | ||
| 650 | 4 | |a LITERATURA MODERNA | |
| 650 | 4 | |a HISTORIA Y CRITICA | |
| 650 | 4 | |a LITERATURA LATINOAMERICANA | |
| 999 | |c 16218 |d 16218 | ||
| 942 | |c BK |h 809 V432m |2 z | ||
